English housing survey (Record no. 121199)
[ view plain ]
| 000 -LEADER | |
|---|---|
| fixed length control field | 01919cad a22002295a 4500 |
| 001 - CONTROL NUMBER | |
| control field | K121199 |
| 008 - FIXED-LENGTH DATA ELEMENTS--GENERAL INFORMATION | |
| fixed length control field | 180706s2019 xxk f 000 0 eng d |
| 041 0# - LANGUAGE CODE | |
| Language code of text/sound track or separate title | eng |
| 110 2# - MAIN ENTRY--CORPORATE NAME | |
| Corporate author | United Kingdom |
| Subordinate unit | Ministry of Housing, Communities and Local Government |
| 245 00 - TITLE STATEMENT | |
| Title | English housing survey |
| Subtitle | headline report 2018-2019 |
| 260 ## - PUBLICATION INFORMATION | |
| Place of publication | London |
| Publisher | EHS |
| Date | 2020 |
| 520 ## - ABSTRACT | |
| Abstract | Preliminary findings of the English Housing Survey (EHS) for 2018-19. The report is split into two sections. The first, on households, covers tenure (owner occupation and the social and private rented sectors) and the demographic and economic characteristics of the people who live in the three tenures. It then explores how affordability varies between tenures and how this has changed over time, buying expectations among renters, average rental costs in the private and social rented sectors and the extent to which private and social renters claim Housing Benefit to help meet the cost of their rent. Rates of overcrowding and under-occupation by tenure are then examined, followed by analysis of personal well-being and the extent to which this varies by tenure. The second section, on homes, provides an overview of the housing stock in England including: the age, size, and type of home; energy efficiency of the housing stock; decent homes; homes affected by damp and mould; and smoke alarms. Additional annex tables provide further detail to that covered in the main body of the report. |
| 650 24 - KEYWORDS | |
| Keywords | ENGLISH HOUSING SURVEY |
| 650 24 - KEYWORDS | |
| Keywords | SOCIAL HOUSING |
| 650 24 - KEYWORDS | |
| Keywords | HOUSING STOCK |
| 650 24 - KEYWORDS | |
| Keywords | ENERGY |
| 9 (RLIN) | 6237 |
| 650 24 - KEYWORDS | |
| Keywords | PRIVATE SECTOR HOUSING |
| 651 #4 - SUBJECT ADDED ENTRY--GEOGRAPHIC NAME | |
| Geographic name | England |
| 690 ## - BROAD SUBJECT | |
| Broad subject | Residential property |
| 9 (RLIN) | 6266 |
| 856 40 - ONLINE RESOURCE | |
| Uniform Resource Identifier | <a href="https://assets.publishing.service.gov.uk/government/uploads/system/uploads/attachment_data/file/860076/2018-19_EHS_Headline_Report.pdf">https://assets.publishing.service.gov.uk/government/uploads/system/uploads/attachment_data/file/860076/2018-19_EHS_Headline_Report.pdf</a> |
| Public note | View the item free of charge at assets.publishing.service.gov.uk |
| 942 ## - ADDED ENTRY ELEMENTS (KOHA) | |
| Suppress in OPAC | Do not suppress in OPAC |
| Lost status | Damaged status | Not for loan | Home library | Current library | Shelving location | Date acquired | Total Checkouts | Date last seen | Price effective from | Koha item type |
|---|---|---|---|---|---|---|---|---|---|---|
| Virtual | Virtual | Online | 05/02/2020 | 05/02/2020 | 05/02/2020 | Online material |